[Event "BL2-West 2122"]
[Site "Germany"]
[Date "2022.05.01"]
[Round "4.3"]
[White "Wolter, Kai"]
[Black "Tkachuk, Konstantyn"]
[Result "1/2-1/2"]
[WhiteElo "2280"]
[BlackElo "2265"]
[PlyCount "68"]
[EventDate "2022.03.05"]
[EventType "team-tourn"]
[EventRounds "10"]
[EventCountry "GER"]
[SourceTitle "EXT 2023"]
[Source "ChessBase"]
[SourceDate "2022.10.05"]
[SourceVersion "1"]
[SourceVersionDate "2022.10.05"]
[SourceQuality "1"]
[WhiteTeam "Muenster"]
[BlackTeam "Bochum"]
[WhiteTeamCountry "GER"]
[BlackTeamCountry "GER"]

1. e4 c5 2. Nf3 d6 3. d4 cxd4 4. Nxd4 Nf6 5. Nc3 g6 6. Be3 Bg7 7. f3 Nc6 8. Qd2 0-0 9. 0-0-0 d5 10. Qe1 e5 11. Nxc6 bxc6 12. exd5 Nxd5 13. Bc4 Be6 14. Ne4 Qc7 15. Bc5 Rfd8 16. Qh4 h6 17. g4 Nf4 18. Bxe6 Nxe6 19. Bd6 Qa5 20. a3 Nd4 21. Qf2 f5 22. gxf5 gxf5 23. Bb4 Qb6 24. Bc5 Qb5 25. Bxd4 exd4 26. Ng3 Rab8 27. b3 Qc5 28. b4 Qd5 29. Rd3 a5 30. Nh5 Be5 31. Rg1+ Kh7 32. f4 Bh8 33. Qh4 Qf7 34. Rdg3 Rg8 1/2-1/2

[Event "Ruhrgebiet Regionalliga 1819"]
[Site "Nordrheinwestfalen"]
[Date "2019.02.10"]
[Round "7.1"]
[White "Tkachuk, Konstantyn"]
[Black "Schlehoefer, Ralf"]
[Result "1-0"]
[WhiteElo "2252"]
[BlackElo "2195"]
[PlyCount "29"]
[EventDate "2018.09.02"]
[EventType "team-tourn"]
[EventRounds "11"]
[EventCountry "GER"]
[SourceTitle "EXT 2022"]
[Source "ChessBase"]
[SourceDate "2021.10.06"]
[SourceVersion "1"]
[SourceVersionDate "2021.10.06"]
[SourceQuality "1"]
[WhiteTeam "Bochum SG II"]
[BlackTeam "Wattenscheid SV II"]
[WhiteTeamCountry "GER"]
[BlackTeamCountry "GER"]

1. e4 e5 2. Nf3 Nc6 3. Bc4 d6 4. Nc3 Be6 5. Bb3 g6 6. d4 Bxb3 7. axb3 Bg7 8. Bg5 Qd7 9. dxe5 Nxe5 10. 0-0 Ne7 11. Nxe5 Bxe5 12. f4 Bg7 13. e5 Nf5 14. Nd5 0-0 15. g4 1-0

[Event "NRW Class2 1718"]
[Site "Germany"]
[Date "2017.11.19"]
[Round "3.1"]
[White "Kolakovic, Klaudio"]
[Black "Tkachuk, Konstantyn"]
[Result "1/2-1/2"]
[WhiteElo "1972"]
[BlackElo "2265"]
[PlyCount "62"]
[EventDate "2017.09.17"]
[EventType "team-tourn"]
[EventRounds "9"]
[EventCountry "GER"]
[SourceTitle "EXT 2019"]
[Source "ChessBase"]
[SourceDate "2018.10.10"]
[SourceVersion "1"]
[SourceVersionDate "2018.10.10"]
[SourceQuality "1"]
[WhiteTeam "Suedlohn"]
[BlackTeam "Bochum SG II"]
[WhiteTeamCountry "GER"]
[BlackTeamCountry "GER"]

1. d4 c5 2. d5 e5 3. e4 d6 4. Nc3 g6 5. Bb5+ Nd7 6. a4 Bg7 7. Nf3 Ne7 8. Nd2 a6 9. Bd3 0-0 10. Nc4 Nb6 11. Nxb6 Qxb6 12. a5 Qc7 13. Be3 f5 14. f3 Bd7 15. Qd2 Rf7 16. Na4 Raf8 17. Nb6 f4 18. Bf2 g5 19. b4 cxb4 20. Qxb4 Nc8 21. c4 g4 22. Be2 h5 23. Rc1 Bf6 24. Kd2 gxf3 25. Nxd7 Qxd7 26. Bxf3 Rg7 27. Rc3 Kh8 28. c5 dxc5 29. Bxc5 Rfg8 30. Rg1 Ne7 31. Bb6 Nc6 1/2-1/2

[Event "NRW Class2 1718"]
[Site "Germany"]
[Date "2017.10.15"]
[Round "2.1"]
[White "Tkachuk, Konstantyn"]
[Black "Andreev, Eduard"]
[Result "1/2-1/2"]
[WhiteElo "2265"]
[BlackElo "2383"]
[PlyCount "32"]
[EventDate "2017.09.17"]
[EventType "team-tourn"]
[EventRounds "9"]
[EventCountry "GER"]
[SourceTitle "EXT 2019"]
[Source "ChessBase"]
[SourceDate "2018.10.10"]
[SourceVersion "1"]
[SourceVersionDate "2018.10.10"]
[SourceQuality "1"]
[WhiteTeam "Bochum SG II"]
[BlackTeam "Siegburg"]
[WhiteTeamCountry "GER"]
[BlackTeamCountry "GER"]

1. e4 c5 2. c4 Nc6 3. Ne2 e6 4. d4 cxd4 5. Nxd4 Nf6 6. Nc3 Bb4 7. Nxc6 dxc6 8. Qxd8+ Kxd8 9. f3 e5 10. Bd2 Be6 11. 0-0-0 Ke7 12. Be2 Rhd8 13. Kc2 Bc5 14. Na4 Bd6 15. Be3 Nd7 16. Rd2 b6 1/2-1/2

[Event "BL2-West 1617"]
[Site "Germany"]
[Date "2017.03.19"]
[Round "7.6"]
[White "Ackermann, Hans Werner"]
[Black "Tkachuk, Konstantyn"]
[Result "1/2-1/2"]
[WhiteElo "2309"]
[BlackElo "2270"]
[PlyCount "166"]
[EventDate "2016.10.16"]
[EventType "team-tourn"]
[EventRounds "9"]
[EventCountry "GER"]
[SourceTitle "EXT 2018"]
[Source "ChessBase"]
[SourceDate "2017.10.13"]
[SourceVersion "1"]
[SourceVersionDate "2017.10.13"]
[SourceQuality "1"]
[WhiteTeam "Dortmund Hansa"]
[BlackTeam "Bochum"]
[WhiteTeamCountry "GER"]
[BlackTeamCountry "GER"]

1. Nf3 g6 2. d4 Nf6 3. Bf4 Bg7 4. c3 d6 5. h3 Nbd7 6. Nbd2 0-0 7. e4 e5 8. dxe5 dxe5 9. Be3 Qe7 10. Qc2 b6 11. Be2 Bb7 12. 0-0 Nc5 13. Bxc5 Qxc5 14. b4 Qe7 15. Rfe1 Rad8 16. Bf1 Nh5 17. a4 c5 18. Qb3 Nf4 19. a5 cxb4 20. Qxb4 Qxb4 21. cxb4 Nd3 22. Bxd3 Rxd3 23. axb6 axb6 24. Ra7 Bc6 25. Nc4 Re8 26. Rc7 b5 27. Rxc6 bxc4 28. Rxc4 Rb3 29. Rd1 Bf8 30. Rd7 Rxb4 31. Rxb4 Bxb4 32. g4 f6 33. Kg2 Re7 34. Rd8+ Kf7 35. h4 Ba3 36. Rc8 Bd6 37. Rc6 Ba3 38. g5 Re6 39. gxf6 h6 40. Rc7+ Kxf6 41. Nh2 h5 42. Nf1 Re7 43. Rc8 Bb2 44. Ne3 Ra7 45. Nd5+ Kf7 46. Rc7+ Rxc7 47. Nxc7 Ba3 48. Nd5 Bc1 49. Nb4 Bd2 50. Nd3 Ke6 51. Kf3 Ba5 52. Kg3 Bd8 53. Ne1 Ba5 54. Nf3 Bd8 55. Ne1 Ba5 56. Nd3 Bd2 57. Kf3 Ba5 58. Nc5+ Kf7 59. Kg3 Bd8 60. Kh3 Bb6 61. Nd3 Kf6 62. Kg3 Ba5 63. Kf3 Ke6 64. Kg2 Bd2 65. Kg3 Ba5 66. f4 exf4+ 67. Nxf4+ Kf6 68. Kf3 Be1 69. Ng2 Bd2 70. Ke2 Bh6 71. Kf3 Bd2 72. Nf4 Be1 73. Ng2 Bd2 74. Kf2 Ke5 75. Kf3 Kf6 76. Ke2 Bh6 77. Ne3 Bxe3 78. Kxe3 g5 79. hxg5+ Kxg5 80. Kf3 Kf6 81. Kf4 Ke6 82. Kg5 Ke5 83. Kxh5 Kxe4 1/2-1/2

[Event "BL2-West 1617"]
[Site "Germany"]
[Date "2017.01.15"]
[Round "4.8"]
[White "Tkachuk, Konstantyn"]
[Black "Meessen, Rudolf"]
[Result "0-1"]
[WhiteElo "2270"]
[BlackElo "2285"]
[PlyCount "86"]
[EventDate "2016.10.16"]
[EventType "team-tourn"]
[EventRounds "9"]
[EventCountry "GER"]
[SourceTitle "EXT 2018"]
[Source "ChessBase"]
[SourceDate "2017.10.13"]
[SourceVersion "1"]
[SourceVersionDate "2017.10.13"]
[SourceQuality "1"]
[WhiteTeam "Bochum"]
[BlackTeam "Aachen SV"]
[WhiteTeamCountry "GER"]
[BlackTeamCountry "GER"]

1. e4 e6 2. d4 d5 3. exd5 exd5 4. Nf3 Bd6 5. c4 Nf6 6. Nc3 0-0 7. Be2 dxc4 8. 0-0 Nbd7 9. Bxc4 Nb6 10. Bb3 h6 11. Ne5 c6 12. Qf3 Nbd5 13. Nxd5 Nxd5 14. Bxd5 cxd5 15. Qxd5 Be6 16. Qxb7 Qa5 17. b3 Bxe5 18. dxe5 Qxe5 19. Be3 Bd5 20. Qb4 a5 21. Qf4 Qh5 22. Rac1 Rfd8 23. f3 Be6 24. Rc5 Rd5 25. Rfc1 Rxc5 26. Rxc5 Qg6 27. Qa4 Bh3 28. Bg5 hxg5 29. gxh3 Qb1+ 30. Kg2 Rd8 31. Qxa5 Qd1 32. Rxg5 Rd2+ 33. Kg3 Qe1+ 34. Kg4 Rd4+ 35. f4 Qe2+ 36. Kh4 Qf2+ 37. Rg3 Qxf4+ 38. Rg4 Qf2+ 39. Kh5 g6+ 40. Kg5 Qe3+ 41. Kh4 Qh6+ 42. Kg3 Rd3+ 43. Kf2 Qe3+ 0-1

[Event "Unna op"]
[Site "Unna"]
[Date "2016.12.29"]
[Round "6"]
[White "Tkachuk, Konstantyn"]
[Black "Naundorf, Maik"]
[Result "1/2-1/2"]
[WhiteElo "2247"]
[BlackElo "2102"]
[PlyCount "49"]
[EventDate "2016.12.27"]
[EventType "swiss"]
[EventRounds "7"]
[EventCountry "GER"]
[SourceTitle "EXT 2018"]
[Source "ChessBase"]
[SourceDate "2017.10.13"]
[SourceVersion "1"]
[SourceVersionDate "2017.10.13"]
[SourceQuality "1"]

1. e4 c5 2. c4 Nc6 3. Nc3 g6 4. g3 Bg7 5. Bg2 d6 6. Nge2 e6 7. d3 Nge7 8. Be3 Nd4 9. Rb1 Nec6 10. 0-0 0-0 11. a3 Rb8 12. b4 b6 13. b5 Ne7 14. f4 d5 15. Na2 Nxe2+ 16. Qxe2 d4 17. Bd2 f6 18. Nc1 Kh8 19. Nb3 Ng8 20. a4 Nh6 21. a5 Nf7 22. axb6 axb6 23. Ra1 Qc7 24. Ra3 e5 25. Rfa1 1/2-1/2

[Event "NRW Class2 1617"]
[Site "Germany"]
[Date "2016.09.25"]
[Round "1.1"]
[White "Tkachuk, Konstantyn"]
[Black "Willemze, Thomas"]
[Result "0-1"]
[WhiteElo "2265"]
[BlackElo "2404"]
[PlyCount "94"]
[EventDate "2016.09.25"]
[EventType "team-tourn"]
[EventRounds "9"]
[EventCountry "GER"]
[SourceTitle "EXT 2023"]
[Source "ChessBase"]
[SourceDate "2022.10.05"]
[SourceVersion "1"]
[SourceVersionDate "2022.10.05"]
[SourceQuality "1"]
[WhiteTeam "Bochum SG II"]
[BlackTeam "Erkenschwick"]
[WhiteTeamCountry "GER"]
[BlackTeamCountry "GER"]

1. e4 d5 2. exd5 Qxd5 3. Nc3 Qa5 4. h3 c6 5. Nf3 Nf6 6. d4 Bf5 7. Bd3 Bxd3 8. Qxd3 e6 9. 0-0 Bb4 10. Ne5 Nbd7 11. Nxd7 Nxd7 12. Qg3 Bxc3 13. bxc3 0-0-0 14. Qxg7 Qf5 15. Qg5 Qxc2 16. Qa5 Qf5 17. Qxf5 exf5 18. Re1 Rde8 19. Rxe8+ Rxe8 20. Kf1 Nb6 21. Bd2 Nc4 22. Bf4 Re4 23. g3 Kd7 24. Re1 Ke6 25. f3 Rxe1+ 26. Kxe1 Kd5 27. Ke2 a5 28. Kd3 a4 29. Bg5 b5 30. Be7 Ke6 31. Bd8 Kd6 32. Bf6 Nb6 33. Bd8 Nd5 34. Bg5 Ke6 35. Bd8 Kd7 36. Bg5 Nb6 37. Bf4 Nc4 38. Bg5 Kd6 39. Bf4+ Kd5 40. Bg5 c5 41. Bf6 b4 42. dxc5 b3 43. axb3 axb3 44. Be7 f4 45. gxf4 Ke6 46. Bg5 f5 47. c6 Na3 0-1

[Event "Unna op"]
[Site "Unna"]
[Date "2015.12.29"]
[Round "6"]
[White "Schulze, Marc Andre"]
[Black "Tkachuk, Konstantyn"]
[Result "1/2-1/2"]
[WhiteElo "2070"]
[BlackElo "2259"]
[PlyCount "40"]
[EventDate "2015.12.27"]
[EventType "swiss"]
[EventRounds "7"]
[EventCountry "GER"]
[SourceTitle "EXT 2018"]
[Source "ChessBase"]
[SourceDate "2017.10.13"]
[SourceVersion "1"]
[SourceVersionDate "2017.10.13"]
[SourceQuality "1"]

1. Nf3 g6 2. d4 Bg7 3. Bf4 d6 4. h3 Nd7 5. e3 e5 6. Bh2 Ne7 7. Be2 0-0 8. 0-0 h6 9. c4 f5 10. Nc3 g5 11. c5 exd4 12. cxd6 dxc3 13. dxe7 Qxe7 14. bxc3 Nc5 15. Nd4 c6 16. Nxc6 Qf6 17. Qd5+ Be6 18. Qxc5 bxc6 19. Rfd1 Qxc3 20. Qxc3 Bxc3 1/2-1/2

[Event "NRW Class2 1415"]
[Site "Germany"]
[Date "2015.03.22"]
[Round "8.2"]
[White "Tkachuk, Konstantyn"]
[Black "Wilde, Pierre"]
[Result "1/2-1/2"]
[WhiteElo "2257"]
[BlackElo "2233"]
[PlyCount "151"]
[EventDate "2014.09.14"]
[EventType "team-tourn"]
[EventRounds "9"]
[EventCountry "GER"]
[SourceTitle "EXT 2017"]
[Source "ChessBase"]
[SourceDate "2016.10.25"]
[SourceVersion "1"]
[SourceVersionDate "2016.10.25"]
[SourceQuality "1"]
[WhiteTeam "Bochum SG II"]
[BlackTeam "Neuenkirchen"]
[WhiteTeamCountry "GER"]
[BlackTeamCountry "GER"]

1. e4 c5 2. c4 e6 3. Nc3 b6 4. Nge2 Bb7 5. d4 cxd4 6. Nxd4 d6 7. Bd3 Nf6 8. 0-0 Be7 9. Be3 0-0 10. Qe2 Nbd7 11. Rac1 Re8 12. Rfd1 a6 13. f3 Rc8 14. Qf2 Qc7 15. Nde2 Nc5 16. Bc2 Qb8 17. Ba4 Nxa4 18. Nxa4 b5 19. Nb6 Rc6 20. cxb5 axb5 21. Rxc6 Bxc6 22. Rc1 Qb7 23. Nd4 Bxe4 24. Nxb5 Bd3 25. Nc7 Rb8 26. Qd2 Bd8 27. Qxd3 Bxc7 28. Na4 Nd5 29. Bf2 Qa8 30. b3 Ba5 31. a3 h6 32. Nb2 Bc3 33. Rxc3 Nxc3 34. Qxc3 Qxa3 35. Nd3 Qxb3 36. Qxb3 Rxb3 37. Ne1 e5 38. Kf1 f5 39. g4 f4 40. h4 g5 41. hxg5 hxg5 42. Ba7 Kf7 43. Ke2 Ra3 44. Bb6 Ke7 45. Nc2 Rb3 46. Ba5 Rb5 47. Bb4 Ke6 48. Kd3 Rd5+ 49. Ke2 Rb5 50. Kd3 Rb7 51. Ba5 Rb3+ 52. Ke2 Rb8 53. Ne1 d5 54. Bc7 Rc8 55. Bb6 e4 56. Bd4 Rc4 57. Bg7 Ra4 58. Bh8 Ra2+ 59. Kd1 Rh2 60. Bd4 Rh4 61. Ke2 Rh2+ 62. Kd1 Rh4 63. Ke2 exf3+ 64. Kxf3 Rh3+ 65. Ke2 Rg3 66. Bf2 Rxg4 67. Kf3 Kf5 68. Nd3 d4 69. Ne1 Rh4 70. Bxh4 gxh4 71. Nd3 h3 72. Nf2 h2 73. Kg2 h1Q+ 74. Kxh1 f3 75. Kg1 Kf4 76. Kf1 1/2-1/2

[Event "NRW Class1 1314"]
[Site "Germany"]
[Date "2014.04.27"]
[Round "9.3"]
[White "Tkachuk, Konstantyn"]
[Black "Schmitz, Joachim"]
[Result "1-0"]
[WhiteElo "2236"]
[BlackElo "2232"]
[PlyCount "115"]
[EventDate "2013.09.15"]
[EventType "team-tourn"]
[EventRounds "9"]
[EventCountry "GER"]
[SourceTitle "EXT 2015"]
[Source "ChessBase"]
[SourceDate "2014.11.20"]
[SourceVersion "1"]
[SourceVersionDate "2014.11.20"]
[SourceQuality "1"]
[WhiteTeam "Bochum II"]
[BlackTeam "Duisburg PSV"]
[WhiteTeamCountry "GER"]
[BlackTeamCountry "GER"]

1. e4 c5 2. Nf3 d6 3. d4 cxd4 4. Nxd4 Nf6 5. Nc3 a6 6. Bg5 Nbd7 7. f4 e6 8. Qf3 Qc7 9. 0-0-0 Be7 10. g4 b5 11. Bxf6 Nxf6 12. g5 Nd7 13. f5 Bxg5+ 14. Kb1 Ne5 15. Qh5 Qd8 16. Nxe6 Bxe6 17. fxe6 g6 18. exf7+ Kxf7 19. Qe2 Kg7 20. Bh3 Re8 21. Rhf1 Ra7 22. Nd5 Rf8 23. Be6 Qe8 24. Rxf8 Qxf8 25. Rf1 Qe8 26. Qf2 Rb7 27. Nf4 Bxf4 28. Bd5 Rb8 29. Qa7+ Kh8 30. Rxf4 Qd8 31. a3 a5 32. h4 b4 33. a4 Rc8 34. h5 gxh5 35. Rf5 h4 36. Rh5 Qc7 37. Qf2 Qe7 38. Qf5 Rb8 39. Rh6 h3 40. Rxh3 Qg7 41. Qe6 Rd8 42. Rg3 Ng6 43. Rg5 Nf4 44. Qg4 Ng6 45. Bb3 Rf8 46. Rxa5 Ne5 47. Qe6 Qg6 48. Ka2 Nc6 49. Qxg6 hxg6 50. Ra6 Ne5 51. Rxd6 g5 52. Re6 Nf3 53. Bd5 Rd8 54. Rf6 g4 55. Rg6 Ne5 56. Rg5 Re8 57. a5 Re7 58. a6 1-0

[Event "NRW Class1 1213"]
[Site "Germany"]
[Date "2013.04.28"]
[Round "9.2"]
[White "Tkachuk, Konstantyn"]
[Black "Mueschenich, Stefan"]
[Result "1-0"]
[WhiteElo "2236"]
[BlackElo "2106"]
[PlyCount "45"]
[EventDate "2012.09.16"]
[EventType "team-tourn"]
[EventRounds "9"]
[EventCountry "GER"]
[SourceTitle "EXT 2017"]
[Source "ChessBase"]
[SourceDate "2016.10.25"]
[SourceVersion "1"]
[SourceVersionDate "2016.10.25"]
[SourceQuality "1"]
[WhiteTeam "Bochum II"]
[BlackTeam "Muenster II"]
[WhiteTeamCountry "GER"]
[BlackTeamCountry "GER"]

1. e4 Nf6 2. e5 Nd5 3. d4 d6 4. c4 Nb6 5. exd6 exd6 6. Bd3 Nc6 7. Ne2 Bg4 8. f3 Bh5 9. 0-0 Bg6 10. b3 Be7 11. Bxg6 hxg6 12. d5 Bf6 13. Nbc3 Ne7 14. Bb2 Qd7 15. Qd2 Kf8 16. Rae1 Re8 17. Nd4 Rh4 18. Ne4 Be5 19. f4 Bxd4+ 20. Qxd4 Nf5 21. Qc3 f6 22. Nxf6 gxf6 23. Qxf6+ 1-0

[Event "NRW Class1 1213"]
[Site "Germany"]
[Date "2013.03.10"]
[Round "7.2"]
[White "Tkachuk, Konstantyn"]
[Black "Goessling, Guido"]
[Result "1/2-1/2"]
[WhiteElo "2236"]
[BlackElo "2144"]
[PlyCount "38"]
[EventDate "2012.09.16"]
[EventType "team-tourn"]
[EventRounds "9"]
[EventCountry "GER"]
[SourceTitle "EXT 2017"]
[Source "ChessBase"]
[SourceDate "2016.10.25"]
[SourceVersion "1"]
[SourceVersionDate "2016.10.25"]
[SourceQuality "1"]
[WhiteTeam "Bochum II"]
[BlackTeam "Bielefeld"]
[WhiteTeamCountry "GER"]
[BlackTeamCountry "GER"]

1. e4 e5 2. Nf3 Nc6 3. Bc4 Bc5 4. b4 Bxb4 5. c3 Be7 6. d4 Na5 7. Nxe5 Nxc4 8. Nxc4 d5 9. exd5 Qxd5 10. Ne3 Qa5 11. 0-0 Nf6 12. Bb2 0-0 13. Nd2 Re8 14. c4 b5 15. Nb3 Qa6 16. Nc5 Bxc5 17. dxc5 bxc4 18. Qc2 Rb8 19. Nxc4 Be6 1/2-1/2